Statistics for James Bond Film Score Composers

Click here to take the quiz!

General Stats

  • This quiz has been taken 44 times
  • The average score is 4 of 10

Answer Stats

Number of FilmsFilm ExampleComposer% Correct
11GoldfingerJohn Barry
84%
1No Time to DieHans Zimmer
59%
1Dr. No`Monty Norman
52%
5Casino RoyaleDavid Arnold
50%
1GoldenEyeÉric Serra
43%
1Live and Let DieGeorge Martin
36%
2SkyfallThomas Newman
34%
1The Spy Who Loved MeMarvin Hamlisch
30%
1For Your Eyes OnlyBill Conti
27%
1Licence to KillMichael Kamen
23%

Score Distribution

Percentile by Number Answered

Percent of People with Each Score

Your Score History

You have not taken this quiz